000 00551nam a2200169 i 4500
001 39315
003 ES-MaACL
005 20230906155938.0
007 t|
008 030227s1970 sp ||||1| spa d
100 1 _aCalle Iturrino, Esteban.
_933706
245 1 0 _aNapoleón-Don Quijote-Lenin
_b: de la revolución francesa a la revolución rusa /
_cE. Calle Iturrino.
260 _a[Bilbao] :
_bCaja de Ahorros Vizcaína,
_c[1970]
300 _a261 p. ;
_c22 cm.
710 2 _aCaja de Ahorros Vizcaína.
_92316
852 _aES-MaACL
_jC-44626
_bR.73547
999 _c39315
_d39315